000 00829nam a2200205 i 4500
001 165487
003 ES-MaACL
005 20250814001347.0
008 990412s1883 sp |||| | spa d
040 _aCCPB | B
_bspa
_cCCPB | B
110 2 _aSociedad Española de Higiene.
_96725
245 1 0 _aReglamento de la Sociedad Española de Higiene
_b: sección de Madrid : aprobado en junta general que se celebró 19 de enero de 1883.
260 _aMadrid :
_b[s.n.],
_c1883 (
_fImprenta de Enrique Teodoro)
300 _a19 p. ;
_c26 cm.
610 2 7 _aSociedad Española de Higiene-
_vReglamentos
_2
_9134885
852 _aES-MaACL
_jT-384-F-11
_z-- Enc. hol., falto de la enc. editorial
_z-- Enc. en un vol. facticio
852 _aES-MaACL
_jFol-Laf-153
_z-- Rúst.
852 _aES-MaACL
_jT-383-F-2
999 _c165487
_d165487